000 00632nam a22002057a 4500
005 20131011111223.0
010 _aENG-107329
020 _a9788120347076
_c195.00
035 _aEN-90862
037 _bDBAD/PUB
082 _a004
100 _aJha, Davendranath G.
245 _aComputer concepts and management information systems /
_cby Davendranath G. Jha
250 _a2nd ed
260 _aNew Delhi
_b PHI Learning
_c2013
270 _aRimjhim House, 111, Patparganj Industrial Estate
_bDelhi
_e110091
300 _axiv, 218p.:
_c24cm(pbk)
_bill.
500 _aIncludes index
942 _2ddc
_cEN
_mJHA
_h004
999 _c76048
_d76048